000 02801nam0a2200481 4500
001 RU\NLR\bibl\956527
005 20260405103959.0
010 _a5-94729-072-3
_9100
021 _aRU
_b2006-20946
_91048
035 _a(nilc)RSL-KNO-002872488
035 _a(NLR Aleph) 000944587
090 _a241288
_c241288
100 _a20060426d2005 |||y0rusy50 ca
101 0 _arus
_deng
102 _aRU
105 _aa |||||||||
106 _ar
200 1 _aПопуляционная биология ледовых форм тюленей и их роль в экосистемах Северной Пацифики
_dPopulation biology of ice-associated forms of seals and their role in the Northern Pacific ecosystems
_fГ.А. Федосеев
_gФедер. агентство по рыболовству Рос. Федерации, Федер. гос. унитар. предприятие "Магадан. НИИ рыб. хоз-ва и океанографии"
_zeng
210 _aМагадан
_cМагаданНИРО
_d2005
215 _a179 с.
_cил., карт.
_d27
300 _aАвт. также на англ. яз.: G.A. Fedoseev
300 _aРез. на англ. яз.
320 _aБиблиогр.: с. 170-179
510 0 _6z20790
_aPopulation biology of ice-associated forms of seals and their role in the Northern Pacific ecosystems
_zeng
606 1 _aТюлени
_xПопуляции
_yТихий океан
_yСеверная часть
_92428369
_3RU\NLR\auth\661445615
610 0 _aБиологические науки -- Зоология -- Систематика животных -- Позвоночные -- Млекопитающие -- Ластоногие -- Экология
610 0 _aБиологические науки -- Гидробиология -- Региональная гидробиология морей и океанов -- Тихий океан -- Северная часть Тихого океана
610 0 _aБиологические науки -- Гидробиология -- Региональная гидробиология морей и океанов -- Чукотское море
610 0 _aтюлени
686 _aЕ693.363.8-81,0
_2rubbk
686 _aЕ082.55(941),0
_2rubbk
686 _aЕ082.55(912.6),0
_2rubbk
686 _aЕ681.370.925(941)
700 1 _4070
_8rus
_7ca
_aФедосеев
_bГ. А.
_gГеннадий Александрович
_3RU\NLR\auth\7739536
_922520
790 1 _4070
_8rus
_7ba
_aFedoseev
_bG. A.
_gGennadij Aleksandrovič
_3RU\NLR\auth\7739537
_922521
801 0 _aRU
_bРКП
_c20060426
_grcr
801 1 _aRU
_bРГБ
_c20060426
801 2 _aRU
_bNLR
_c20060605
_grcr
830 _aАвт. по кн.
942 _cBOOK
980 _aNB
980 _aNBR